[Event "Amplico ch-EUR Rapid"]
[Site "Warsaw POL"]
[Date "2012.12.15"]
[Round "6.16"]
[White "Tazbir, Marcin"]
[Black "Bartel, Mateusz"]
[Result "0-1"]
[WhiteTitle "IM"]
[BlackTitle "GM"]
[WhiteElo "2555"]
[BlackElo "2629"]
[WhiteFideId "1122452"]
[BlackFideId "1112635"]
[EventDate "2012.12.15"]

1. e4 e6 2. d4 d5 3. Nc3 Bb4 4. e5 c5 5. a3 Bxc3+ 6. bxc3 Qa5 7. Bd2 Qa4 8. Nf3
Ne7 9. h4 Nbc6 10. h5 cxd4 11. Rh4 Nf5 12. Rf4 f6 13. exf6 gxf6 14. g4 e5 15.
Rxf5 Bxf5 16. gxf5 dxc3 17. Bxc3 O-O-O 18. Qe2 Rhg8 19. Bb2 e4 20. Nd2 Qxc2 21.
Qb5 e3 22. fxe3 Rde8 23. e4 a6 24. Qb6 Rg4 25. e5 Nxe5 26. Be2 Nd3+ 27. Kf1 Rf4+ 0-1

[Event "Amplico ch-EUR Rapid"]
[Site "Warsaw POL"]
[Date "2012.12.15"]
[Round "6.17"]
[White "Baghdasaryan, Vahe"]
[Black "Jussupow, Artur"]
[Result "1-0"]
[WhiteTitle "IM"]
[BlackTitle "GM"]
[WhiteElo "2388"]
[BlackElo "2611"]
[WhiteFideId "13303139"]
[BlackFideId "4618777"]
[EventDate "2012.12.15"]

1. e4 e5 2. Nf3 Nf6 3. Nxe5 d6 4. Nc4 Nxe4 5. Nc3 Nf6 6. d4 Be7 7. Bd3 Nc6 8. d5
Nb4 9. Be2 O-O 10. a3 Na6 11. O-O Nc5 12. Qd4 Bf5 13. Ne3 Bg6 14. f4 Nfe4 15. f5
Bf6 16. Qc4 Nxc3 17. bxc3 Re8 18. fxg6 Re4 19. gxf7+ Kf8 20. Qa2 Bxc3 21. Bd3
Re5 22. Ng4 Bd4+ 23. Kh1 Qh4 24. c3 Bxc3 25. Nxe5 Bxe5 26. g3 Qd4 27. Bxh7 Qxa1
28. Qxa1 Bxa1 29. Bg5 Be5 30. Bg6 b5 31. Rf5 Nd7 32. Bd2 a5 33. h4 Bxg3 34. Rh5
Ke7 35. Bg5+ Nf6 36. Rh7 b4 37. axb4 a4 38. Rxg7 Rf8 39. Rg8 Be5 40. Rxf8 1-0

[Event "Amplico ch-EUR Rapid"]
[Site "Warsaw POL"]
[Date "2012.12.15"]
[Round "6.18"]
[White "Pavlidis, Anastasios"]
[Black "Rublevsky, Sergei"]
[Result "0-1"]
[WhiteTitle "FM"]
[BlackTitle "GM"]
[WhiteElo "2351"]
[BlackElo "2688"]
[WhiteFideId "4208404"]
[BlackFideId "4115309"]
[EventDate "2012.12.15"]

1. d4 d5 2. c4 dxc4 3. Nf3 Nf6 4. e3 e6 5. Bxc4 a6 6. Nc3 b5 7. Bb3 Bb7 8. O-O
c5 9. Qe2 Nbd7 10. Rd1 Qb8 11. d5 Nxd5 12. Nxd5 Bxd5 13. Bxd5 exd5 14. Rxd5 Be7
15. b3 Qb7 16. Rd1 O-O 17. Bb2 Rfd8 18. h3 Nf8 19. Qc2 Ne6 20. Qf5 Rxd1+ 21.
Rxd1 Rd8 22. Rxd8+ Bxd8 23. Qd3 Be7 24. Ne5 Bf6 25. Qd6 h5 26. Nd3 Be7 27. Qe5
c4 28. Nf4 Bf6 29. Qxh5 Nxf4 0-1

[Event "Amplico ch-EUR Rapid"]
[Site "Warsaw POL"]
[Date "2012.12.15"]
[Round "6.19"]
[White "Klekowski, Maciej"]
[Black "Edouard, Romain"]
[Result "1/2-1/2"]
[BlackTitle "GM"]
[WhiteElo "2338"]
[BlackElo "2686"]
[WhiteFideId "1132717"]
[BlackFideId "633429"]
[EventDate "2012.12.15"]

1. c4 Nf6 2. g3 e5 3. Bg2 c6 4. d3 d5 5. cxd5 cxd5 6. Nf3 Nc6 7. O-O Be7 8. Bg5
O-O 9. Nc3 Be6 10. Nd2 Rc8 11. a3 h6 12. Bxf6 Bxf6 13. Rc1 Be7 14. Kh1 Qd7 15.
e4 dxe4 16. dxe4 Nd4 17. Nd5 Bxd5 18. exd5 Rxc1 19. Qxc1 Rc8 20. Qb1 Qb5 21. Rc1
Rxc1+ 22. Qxc1 Qe2 23. Ne4 f5 24. d6 Bd8 25. Nc5 Qxf2 26. Nxb7 Bg5 27. Qf1 Qxb2
28. d7 Qb6 29. h4 Bf6 30. Qc4+ Kh7 31. Qb4 Qc7 32. Qd6 Qc1+ 33. Kh2 Ne2 34. Qxf6
Qg1+ 35. Kh3 Qf2 36. Qxe5 Ng1+ 37. Kh2 Nf3+ 38. Kh3 Nxe5 39. d8=Q Ng4 40. Qd5
Qc2 41. Qf3 Nf2+ 42. Kh2 Ng4+ 43. Kh3 Nf2+ 44. Kh2 Ng4+ 45. Kh1 Kh8 46. Nd6 Qc1+
47. Qf1 Qxa3 48. Nxf5 g6 49. Nd4 Qxg3 50. Qf8+ Kh7 51. Qf7+ Kh8 52. Qe8+ Kg7 53.
Qd7+ Kh8 54. Qc8+ Kg7 55. Qb7+ Kh8 56. Qa8+ Kh7 57. Qxa7+ Kh8 58. Nf3 Nf2+ 59.
Kg1 Nh3+ 60. Kf1 Nf4 61. Qb8+ Kh7 62. Qb7+ Kh8 63. Qb8+ Kh7 64. Qb7+ Kh8 65.
Qb2+ Kh7 66. Qb7+ Kh8 67. Qc8+ Kh7 68. Qc2 Nd5 69. Qd2 Nf4 70. Qd7+ Kh8 71. Bh1
Qh3+ 72. Qxh3 Nxh3 73. Kg2 Nf4+ 74. Kg3 Nh5+ 75. Kg4 Nf6+ 76. Kf4 Kg7 77. Nd4 1/2-1/2

[Event "Amplico ch-EUR Rapid"]
[Site "Warsaw POL"]
[Date "2012.12.15"]
[Round "6.20"]
[White "Fridman, Daniel"]
[Black "Deszczynski, Adam"]
[Result "1-0"]
[WhiteTitle "GM"]
[WhiteElo "2667"]
[BlackElo "2371"]
[WhiteFideId "11600454"]
[BlackFideId "1102753"]
[EventDate "2012.12.15"]

1. d4 Nf6 2. Nf3 g6 3. c4 Bg7 4. g3 O-O 5. Bg2 c5 6. O-O cxd4 7. Nxd4 Nc6 8. Nc3
Ng4 9. e3 Nxd4 10. exd4 Nh6 11. Bxh6 Bxh6 12. c5 d6 13. b4 Bg7 14. Rc1 Rb8 15.
b5 dxc5 16. dxc5 Be6 17. Qa4 b6 18. Qxa7 bxc5 19. a4 Bd4 20. Ne2 Qd6 21. Rfd1
Rfd8 22. Kf1 Bg4 23. Rd2 Bxe2+ 24. Rxe2 e5 25. Qa6 Qxa6 26. bxa6 Rb6 27. a7 Ra6
28. a8=Q Rdxa8 29. Bxa8 Rxa8 30. Ra2 Ra5 31. f3 f5 32. Ke2 Kf7 33. Kd3 Ke6 34.
Kc4 e4 35. Re1 Ke5 36. f4+ Kd6 37. Rb1 e3 38. Rb5 e2 39. Rb6+ Kc7 40. Rb1 Ra6
41. a5 Kd6 1-0

[Event "Amplico ch-EUR Rapid"]
[Site "Warsaw POL"]
[Date "2012.12.15"]
[Round "6.21"]
[White "Przybylski, Wojciech"]
[Black "Nyzhnyk, Illya"]
[Result "0-1"]
[WhiteTitle "FM"]
[BlackTitle "GM"]
[WhiteElo "2327"]
[BlackElo "2637"]
[WhiteFideId "1117599"]
[BlackFideId "14118084"]
[EventDate "2012.12.15"]

1. e4 c5 2. Nf3 d6 3. d4 cxd4 4. Nxd4 Nf6 5. Nc3 a6 6. Be2 e6 7. O-O Qc7 8. Be3
b5 9. a3 Bb7 10. Bd3 Nbd7 11. f4 Be7 12. Qf3 h5 13. Kh1 g6 14. Rae1 Nc5 15. Bg1
d5 16. exd5 Nxd5 17. Nxd5 Bxd5 18. Qh3 Nxd3 19. cxd3 Rc8 20. Nf3 Qxf4 21. Ne5
Qd2 22. Nxf7 Rc2 23. Bf2 Rf8 24. Nd6+ Bxd6 25. Rxe6+ Bxe6 26. Qxe6+ Be7 27.
Qxg6+ Kd7 0-1

[Event "Amplico ch-EUR Rapid"]
[Site "Warsaw POL"]
[Date "2012.12.15"]
[Round "6.22"]
[White "Wieczorek, Oskar"]
[Black "Fedoseev, Vladimir3"]
[Result "0-1"]
[BlackTitle "GM"]
[WhiteElo "2316"]
[BlackElo "2514"]
[WhiteFideId "1133950"]
[BlackFideId "24130737"]
[EventDate "2012.12.15"]

1. e4 e6 2. d4 d5 3. Nd2 Nf6 4. e5 Nfd7 5. c3 c5 6. Bd3 Nc6 7. Ne2 cxd4 8. cxd4
f6 9. exf6 Nxf6 10. O-O Bd6 11. Nf3 Qc7 12. Bg5 O-O 13. Bh4 Nh5 14. Rc1 g6 15.
Bb1 Qg7 16. Rc3 Bd7 17. a3 Kh8 18. Qd2 Nf4 19. Bg3 g5 20. Nxf4 gxf4 21. Bh4 Rg8
22. Ng5 h6 23. Rh3 e5 24. Qd3 e4 25. Qc3 Raf8 26. g4 Bxg4 27. Kh1 Bxh3 28. Qxh3
hxg5 0-1

[Event "Amplico ch-EUR Rapid"]
[Site "Warsaw POL"]
[Date "2012.12.15"]
[Round "6.23"]
[White "Sudakova, Irina"]
[Black "Miton, Kamil"]
[Result "0-1"]
[WhiteTitle "WGM"]
[BlackTitle "GM"]
[WhiteElo "2340"]
[BlackElo "2626"]
[WhiteFideId "4129903"]
[BlackFideId "1111914"]
[EventDate "2012.12.15"]

1. e4 c5 2. Ne2 Nc6 3. g3 d5 4. Bg2 dxe4 5. Nbc3 Nf6 6. Nxe4 Nxe4 7. Bxe4 g6 8.
Bg2 Bg7 9. O-O O-O 10. d3 Qc7 11. Bf4 e5 12. Be3 b6 13. f4 Be6 14. Qd2 Rad8 15.
fxe5 Nxe5 16. Bf4 Qd7 17. Rad1 Bg4 18. Bxe5 Bxe5 19. c3 Rfe8 20. Rf2 Bg7 21.
Rdf1 Qxd3 22. Qxd3 Rxd3 23. Nf4 Rdd8 24. Nd5 Be2 25. Re1 Bc4 26. Rxe8+ Rxe8 27.
h3 Re1+ 28. Kh2 Bxa2 29. b4 Bc4 30. bxc5 bxc5 31. Rf4 Bb3 32. c4 Bd4 33. Rf1
Rxf1 34. Bxf1 a5 35. Ne7+ Kf8 36. Nc6 a4 37. Bd3 Bc3 0-1

[Event "Amplico ch-EUR Rapid"]
[Site "Warsaw POL"]
[Date "2012.12.15"]
[Round "6.24"]
[White "Rapport, Richard"]
[Black "Kosiorek, Marek"]
[Result "1-0"]
[WhiteTitle "GM"]
[WhiteElo "2621"]
[BlackElo "2366"]
[WhiteFideId "738590"]
[BlackFideId "1110284"]
[EventDate "2012.12.15"]

1. d4 g6 2. c4 Bg7 3. Nc3 d6 4. Nf3 Nf6 5. g3 O-O 6. Bg2 Nc6 7. O-O Bf5 8. Ne1
Qd7 9. e4 Bh3 10. Nc2 Bxg2 11. Kxg2 e6 12. Be3 a6 13. f4 d5 14. e5 Ne4 15. Nxe4
dxe4 16. Qe2 b5 17. b3 bxc4 18. bxc4 Rab8 19. Rfb1 Rxb1 20. Rxb1 Rb8 21. Qe1 f5
22. Rxb8+ Nxb8 23. Qb4 Nc6 24. Qa3 a5 25. Qc5 Bf8 26. Qb5 Kf7 27. d5 exd5 28.
Nd4 Nxe5 29. fxe5 Qxb5 30. cxb5 a4 31. h4 Bc5 32. e6+ Kf6 33. Bg5+ Kg7 34. Nc6
h6 35. Bxh6+ Kf6 36. e7 Kf7 37. Ne5+ Kxe7 38. Nxg6+ Kf6 39. Nf4 d4 40. Kf1 Bd6
41. Bg5+ Kf7 42. h5 Be5 43. h6 d3 44. Ke1 Bc3+ 45. Kd1 Be5 46. h7 Bb2 47. Nh5
Bh8 48. Bf6 e3 49. Bxh8 Kg6 50. Bd4 e2+ 51. Kd2 Kxh7 52. Nf4 1-0

[Event "Amplico ch-EUR Rapid"]
[Site "Warsaw POL"]
[Date "2012.12.15"]
[Round "6.25"]
[White "Andriasian, Zaven"]
[Black "Maier, Christian"]
[Result "1/2-1/2"]
[WhiteTitle "GM"]
[BlackTitle "IM"]
[WhiteElo "2605"]
[BlackElo "2354"]
[WhiteFideId "13302000"]
[BlackFideId "4601955"]
[EventDate "2012.12.15"]

1. e4 e6 2. d3 d5 3. Nd2 c5 4. Ngf3 Nc6 5. g3 Bd6 6. Bg2 Nge7 7. O-O O-O 8. Nh4
b5 9. f4 c4 10. e5 Bc5+ 11. Kh1 cxd3 12. cxd3 b4 13. g4 Bb6 14. Ndf3 Ng6 15.
Nxg6 fxg6 16. d4 Ba6 17. Rf2 Rc8 18. Be3 Qd7 19. h4 Ne7 20. Bh3 Kh8 21. Kh2 h6
22. Qd2 Rf7 23. Qxb4 Bd3 24. Qd6 Rd8 25. Qxd7 Rxd7 26. Rd1 Be4 27. Nd2 Bc2 28.
Rc1 Bd3 29. Rc3 Bb5 30. Nb3 Bc4 31. Nc1 Rd8 32. b3 Bb5 33. Rfc2 Kh7 34. a4 Bd7
35. Nd3 g5 36. fxg5 hxg5 37. h5 Kh6 38. Nc5 Ba5 39. Rd3 Bc8 40. Bd2 Bxd2 41.
Rdxd2 Rf4 42. b4 g6 43. hxg6 Nxg6 44. Rf2 Rxd4 45. Rf6 Rxb4 46. Nxe6 Bxe6 47.
Rxe6 Rb6 48. Rxb6 axb6 49. Rc6 d4 50. Bg2 Kg7 51. Rc7+ Kf8 52. e6 Ne7 53. Kg3
Rd6 54. Rd7 Rxe6 55. Rxd4 Kg7 56. Be4 Kf6 57. Kf3 Ke5 58. Rb4 Rf6+ 59. Ke3 Rd6
60. Rb5+ Kf6 61. Kf3 Re6 62. Ke3 Rd6 63. Bf3 Re6+ 64. Kd2 Rd6+ 65. Kc3 Re6 66.
Kc4 Rd6 67. Bb7 Kg6 68. Rb1 Kf6 69. Rf1+ Ke5 70. Re1+ Kf6 71. Kb5 Ng6 72. Rf1+
Nf4 73. Bc6 Ke5 74. Kxb6 Nd5+ 75. Kc5 Ne3 76. Rf8 Rd3 77. Re8+ Kf4 78. Re4+ Kg3
79. a5 Nxg4 80. a6 Nf6 81. Rd4 Ra3 82. Ba4 Nd7+ 83. Kb4 Rxa4+ 84. Kxa4 Nc5+ 85.
Kb5 Nxa6 86. Kxa6 g4 87. Kb5 Kf3 88. Rd3+ Kf2 89. Kc4 g3 90. Rd2+ Kf3 91. Rd3+
Kf2 92. Kd4 g2 93. Rd2+ Kf3 94. Rxg2 Kxg2 1/2-1/2

[Event "Amplico ch-EUR Rapid"]
[Site "Warsaw POL"]
[Date "2012.12.15"]
[Round "6.26"]
[White "Krustkalns, Kristaps"]
[Black "Dziuba, Marcin"]
[Result "0-1"]
[WhiteTitle "FM"]
[BlackTitle "GM"]
[WhiteElo "2244"]
[BlackElo "2602"]
[WhiteFideId "11602686"]
[BlackFideId "1112953"]
[EventDate "2012.12.15"]

1. e4 c6 2. d4 d5 3. Nc3 dxe4 4. Nxe4 Bf5 5. Ng3 Bg6 6. Nh3 Nf6 7. Nf4 e5 8.
Nxg6 hxg6 9. Be3 exd4 10. Qxd4 Qxd4 11. Bxd4 Nbd7 12. O-O-O Bc5 13. Bxc5 Nxc5
14. Bc4 Rh4 15. b3 a5 16. a4 Kf8 17. h3 Nxa4 18. Rd2 Nc5 19. Rhd1 b5 20. Be2 a4
21. Rd8+ Rxd8 22. Rxd8+ Ke7 23. Rc8 Kd6 24. Bf3 Nd5 25. bxa4 Rxa4 26. Rd8+ Ke7
27. Rc8 Kd7 28. Rf8 Ke7 29. Rc8 Rc4 30. Kb1 Ne6 31. Ne4 Nd4 32. Nd2 Rxc2 33.
Bxd5 Rxd2 0-1

[Event "Amplico ch-EUR Rapid"]
[Site "Warsaw POL"]
[Date "2012.12.15"]
[Round "6.28"]
[White "Bartel, Michal"]
[Black "Zhigalko, Andrey"]
[Result "0-1"]
[WhiteTitle "FM"]
[BlackTitle "GM"]
[WhiteElo "2273"]
[BlackElo "2589"]
[WhiteFideId "1119257"]
[BlackFideId "13502247"]
[EventDate "2012.12.15"]

1. e4 c5 2. Nf3 d6 3. d4 cxd4 4. Nxd4 Nf6 5. Nc3 a6 6. Be3 e6 7. g4 e5 8. Nf5 g6
9. g5 gxf5 10. exf5 d5 11. gxf6 d4 12. Bf4 Nc6 13. Bg2 dxc3 14. Qe2 Bxf5 15.
Bxe5 Qd2+ 0-1

[Event "Amplico ch-EUR Rapid"]
[Site "Warsaw POL"]
[Date "2012.12.15"]
[Round "6.29"]
[White "Le Roux, Jean-Pierre"]
[Black "Kantans, Toms"]
[Result "1/2-1/2"]
[WhiteTitle "GM"]
[BlackTitle "FM"]
[WhiteElo "2569"]
[BlackElo "2355"]
[WhiteFideId "609404"]
[BlackFideId "11602945"]
[EventDate "2012.12.15"]

1. d4 Nf6 2. Nf3 g6 3. c4 Bg7 4. g3 O-O 5. Bg2 d5 6. cxd5 Nxd5 7. O-O Nc6 8. Nc3
Nb6 9. e3 e5 10. d5 Ne7 11. e4 Bg4 12. Qb3 c6 13. Rd1 cxd5 14. exd5 Nf5 15. Bg5
Qd7 16. Ne4 f6 17. Be3 Nxe3 18. Qxe3 Nc4 19. Qb3 Rac8 20. Rac1 b5 21. h3 Bxf3
22. Qxf3 f5 23. Ng5 Bh6 24. h4 Bxg5 25. hxg5 Nxb2 1/2-1/2

[Event "Amplico ch-EUR Rapid"]
[Site "Warsaw POL"]
[Date "2012.12.15"]
[Round "6.31"]
[White "Papin, Vasily"]
[Black "Rogule, Laura"]
[Result "1-0"]
[WhiteTitle "GM"]
[BlackTitle "WGM"]
[WhiteElo "2561"]
[BlackElo "2306"]
[WhiteFideId "4143183"]
[BlackFideId "11601876"]
[EventDate "2012.12.15"]

1. c4 e5 2. g3 Nf6 3. Bg2 d5 4. cxd5 Nxd5 5. Nf3 Nc6 6. O-O Nb6 7. d3 Be7 8. a3
Be6 9. Nc3 O-O 10. b4 f6 11. Bb2 Qe8 12. Nd2 Rd8 13. b5 Na5 14. a4 Qf7 15. Ba3
Bxa3 16. Rxa3 Nd5 17. Qa1 Nb4 18. Rc1 c5 19. bxc6 Nbxc6 20. Qb2 b6 21. Nb5 Nd4
22. Rc7 Rd7 23. Rxd7 Qxd7 24. e3 Ndc6 25. Rc3 Rd8 26. Nxa7 Nxa7 27. Qxb6 N5c6
28. Bxc6 Nxc6 29. Rxc6 Qxd3 30. Rxe6 Qxd2 31. Re7 Qd1+ 32. Kg2 Qd5+ 33. Kh3 e4
34. Qe6+ Qxe6+ 35. Rxe6 f5 36. g4 Ra8 37. gxf5 Rxa4 38. Kg3 Kf7 39. Rd6 Ra5 40.
Rd4 Rxf5 41. Rxe4 Rg5+ 42. Rg4 Ra5 43. h4 Kf6 44. Rb4 Ra2 45. f3 h6 46. Rb6+ Kf7
47. e4 Rc2 48. Kg4 Rc5 49. Rd6 Rc3 50. f4 Rc1 51. h5 Rh1 52. Rd7+ Kf8 53. e5 Rh2
54. e6 Rh1 55. Ra7 Rh2 56. Kf5 Rxh5+ 57. Kg6 Rh4 58. Rf7+ Ke8 59. Kxg7 h5 60. f5
Rg4+ 61. Kf6 h4 62. Ra7 1-0

[Event "Amplico ch-EUR Rapid"]
[Site "Warsaw POL"]
[Date "2012.12.15"]
[Round "6.32"]
[White "Barski, Radoslaw"]
[Black "Bryzgalin, Kirill"]
[Result "1/2-1/2"]
[BlackTitle "GM"]
[WhiteElo "2257"]
[BlackElo "2485"]
[WhiteFideId "1131710"]
[BlackFideId "4133285"]
[EventDate "2012.12.15"]

1. e4 c5 2. Nf3 Nc6 3. Bb5 g6 4. O-O Bg7 5. Bxc6 bxc6 6. c3 Nh6 7. d4 cxd4 8.
cxd4 O-O 9. Re1 f6 10. Nc3 Nf7 11. b3 d6 12. Bb2 Bd7 13. h3 Qb8 14. d5 c5 15.
Nd2 Ne5 16. Qe2 g5 17. Rab1 Qe8 18. a4 Qg6 19. Nd1 h5 20. Bxe5 fxe5 21. g4 h4
22. Ne3 Rfb8 23. f3 Qe8 24. Ndc4 Qd8 25. Qd2 a5 26. Nd1 Bf6 27. Nc3 Rb4 28. Rb2
Qc7 29. Reb1 Kf7 30. Na2 Rbb8 31. Nc3 Qa7 32. Kg2 Ke8 33. Na3 Rb4 34. Nc2 Rb6
35. Na3 Rb4 36. Nc2 Rb7 37. Na3 Rb4 38. Nc2 Rb6 39. Na3 Rb4 40. Nc2 1/2-1/2

[Event "Amplico ch-EUR Rapid"]
[Site "Warsaw POL"]
[Date "2012.12.15"]
[Round "6.33"]
[White "Flak, Pawel"]
[Black "Gritsak, Orest"]
[Result "0-1"]
[BlackTitle "GM"]
[WhiteElo "2240"]
[BlackElo "2549"]
[WhiteFideId "1117548"]
[BlackFideId "14102188"]
[EventDate "2012.12.15"]

1. d4 Nf6 2. c4 g6 3. Nc3 d5 4. Bf4 Bg7 5. e3 e6 6. Nf3 O-O 7. Rc1 c6 8. h3 b6
9. Be2 Bb7 10. O-O Nbd7 11. Qc2 Qe7 12. Ne5 Rfc8 13. Rfd1 a6 14. Bg5 Qf8 15. Na4
Nxe5 16. Bxf6 Bxf6 17. dxe5 Bd8 18. Nc3 b5 19. b3 Bb6 20. Nb1 Bc5 21. Nd2 Qe7
22. Nf3 Rc7 23. h4 Rac8 24. Rb1 Kg7 25. Qc3 Bb4 26. Qd4 c5 27. Qf4 bxc4 28. bxc4
Rd8 29. h5 Rcd7 30. g4 h6 31. g5 hxg5 32. Nxg5 d4 33. h6+ Kg8 34. Kh2 dxe3 35.
Rxd7 Rxd7 36. fxe3 Rd2 37. Qg4 Rxe2+ 38. Qxe2 Qxg5 39. h7+ 0-1

[Event "Amplico ch-EUR Rapid"]
[Site "Warsaw POL"]
[Date "2012.12.15"]
[Round "6.34"]
[White "Maiorov, Nikita1"]
[Black "Boricsev, Oleg"]
[Result "1-0"]
[WhiteTitle "GM"]
[BlackTitle "IM"]
[WhiteElo "2541"]
[BlackElo "2337"]
[WhiteFideId "13501720"]
[BlackFideId "720500"]
[EventDate "2012.12.15"]

1. d4 g6 2. c4 Bg7 3. e4 c6 4. Nc3 d5 5. e5 f6 6. cxd5 fxe5 7. dxe5 Bxe5 8. dxc6
Bxc3+ 9. bxc3 Qxd1+ 10. Kxd1 Nxc6 11. Nf3 Bf5 12. Bb5 O-O-O+ 13. Ke2 Nf6 14. Be3
a6 15. Bxc6 Bd3+ 16. Ke1 bxc6 17. Ne5 Rhe8 18. Nxc6 Rd6 19. Ne5 Bf5 20. Ke2 Nd7
21. Nxd7 Rxd7 22. Rhd1 Red8 23. Rd4 e5 24. Rc4+ Rc7 25. Rxc7+ Kxc7 26. Kf3 Bd3
27. c4 Kc6 28. Rc1 Rb8 29. Rc3 e4+ 30. Kf4 Rb4 31. c5 Ra4 32. a3 h6 33. Ke5 Rc4
34. Rxc4 Bxc4 35. Kf6 Bf1 36. Kxg6 Bxg2 37. Kxh6 Bh3 38. Kg5 Kb5 39. Kf4 Ka4 40.
Kxe4 Kxa3 41. f4 Kb4 42. f5 Kb5 43. f6 Be6 44. Bc1 1-0

[Event "Amplico ch-EUR Rapid"]
[Site "Warsaw POL"]
[Date "2012.12.15"]
[Round "6.35"]
[White "Dumanski, Aleksander"]
[Black "Kulaots, Kaido"]
[Result "0-1"]
[BlackTitle "GM"]
[WhiteElo "2229"]
[BlackElo "2581"]
[WhiteFideId "1114379"]
[BlackFideId "4500261"]
[EventDate "2012.12.15"]

1. d4 g6 2. c4 Bg7 3. e4 d6 4. f4 c5 5. d5 e6 6. Nf3 Ne7 7. Be2 exd5 8. cxd5 f5
9. e5 dxe5 10. d6 Nec6 11. fxe5 Nxe5 12. O-O Nbc6 13. Kh1 O-O 14. Bg5 Bf6 15.
Bh6 Re8 16. Nc3 Nxf3 17. Bxf3 Nd4 18. Nb5 Nxb5 19. Qb3+ Be6 20. Qxb5 Qb6 21.
Qxb6 axb6 22. Bxb7 Ra7 23. Bc6 Rd8 24. Rae1 Kf7 25. Bf4 g5 26. Be5 Bxe5 27. Rxe5
Rxd6 28. Bf3 Kf6 29. Rfe1 Rxa2 30. Bd1 Rxb2 31. Kg1 Bd7 32. h3 Rxd1 0-1

[Event "Amplico ch-EUR Rapid"]
[Site "Warsaw POL"]
[Date "2012.12.15"]
[Round "6.36"]
[White "Olszewski, Michal"]
[Black "Berzina, Ilze"]
[Result "0-1"]
[WhiteTitle "GM"]
[BlackTitle "WGM"]
[WhiteElo "2533"]
[BlackElo "2292"]
[WhiteFideId "1121251"]
[BlackFideId "11601345"]
[EventDate "2012.12.15"]

1. d4 d5 2. c4 e6 3. Nf3 c6 4. e3 Bd6 5. Nc3 f5 6. Bd3 Nf6 7. O-O O-O 8. b3 Nbd7
9. Bb2 Ne4 10. Ne2 Qf6 11. Qc1 Qh6 12. Ba3 c5 13. Ng3 Ndf6 14. cxd5 Ng4 15. h3
Ngxf2 16. Rxf2 Bxg3 17. Rf1 exd5 18. dxc5 f4 19. c6 Bxh3 20. cxb7 Bg4 21. bxa8=Q
Rxa8 22. Qb2 fxe3 23. Bxe4 dxe4 24. Qd4 Re8 25. Qd5+ Kh8 26. Qb5 Rg8 27. Qg5
exf3 28. Qxh6 f2+ 29. Rxf2 exf2+ 30. Kf1 gxh6 31. Bb2+ Rg7 32. Rc1 Kg8 33. Bxg7
Kxg7 34. Rc3 Be5 35. Rc5 Kf6 36. Rc6+ Be6 37. Kxf2 Bd4+ 38. Kf1 Bb6 39. Rc3 Ke5
40. Ke2 Ke4 41. Kf1 h5 42. Ke2 h4 43. Kf1 h5 44. Rc6 Bg4 45. b4 h3 46. gxh3
Bxh3+ 47. Ke1 0-1

[Event "Amplico ch-EUR Rapid"]
[Site "Warsaw POL"]
[Date "2012.12.15"]
[Round "6.37"]
[White "Stupak, Kirill"]
[Black "Valgmae, Toomas"]
[Result "1-0"]
[WhiteTitle "GM"]
[WhiteElo "2526"]
[BlackElo "2218"]
[WhiteFideId "13503758"]
[BlackFideId "4502523"]
[EventDate "2012.12.15"]

1. d4 d5 2. Nf3 Nf6 3. g3 c6 4. Bg2 Bf5 5. O-O e6 6. c4 Nbd7 7. Nc3 Bd6 8. Qb3
Rb8 9. Nh4 Bg4 10. h3 Bh5 11. cxd5 exd5 12. Nf5 Bc7 13. Nxg7+ Kf8 14. Nxh5 Nxh5
15. e4 dxe4 16. Nxe4 Kg7 17. Qf3 Nhf6 18. Bg5 Re8 19. Rfe1 Re6 20. Nxf6 Nxf6 21.
Rxe6 fxe6 22. Re1 Qe7 23. Qb3 Re8 24. Qxb7 Qd6 25. Bf4 1-0

[Event "Amplico ch-EUR Rapid"]
[Site "Warsaw POL"]
[Date "2012.12.15"]
[Round "6.38"]
[White "Warakomski, Tomasz"]
[Black "Gerasimenyk, M."]
[Result "1-0"]
[WhiteTitle "IM"]
[BlackTitle "FM"]
[WhiteElo "2490"]
[BlackElo "2225"]
[WhiteFideId "1124552"]
[BlackFideId "14111845"]
[EventDate "2012.12.15"]

1. e4 c6 2. d4 d5 3. Nd2 dxe4 4. Nxe4 Nf6 5. Nxf6+ gxf6 6. Nf3 h5 7. c3 Nd7 8.
Bf4 h4 9. h3 Nb6 10. c4 Bf5 11. Be2 Qd7 12. Qd2 Qe6 13. b3 Rd8 14. a4 Qe4 15. a5
Nd7 16. Be3 Rg8 17. Kf1 Nc5 18. Qb4 Nd3 19. Qxb7 Bc8 20. Qxa7 e5 21. dxe5 fxe5
22. Qb6 Rg6 23. Rd1 Rgd6 24. c5 Rf6 25. a6 Bf5 26. Qxd8+ Kxd8 27. a7 1-0

[Event "Amplico ch-EUR Rapid"]
[Site "Warsaw POL"]
[Date "2012.12.15"]
[Round "6.39"]
[White "Kovalev, Vladislav"]
[Black "Sygulski, Pawel"]
[Result "1-0"]
[WhiteTitle "IM"]
[WhiteElo "2482"]
[BlackElo "2246"]
[WhiteFideId "13504398"]
[BlackFideId "1128175"]
[EventDate "2012.12.15"]

1. e4 c5 2. Nf3 Nc6 3. d4 cxd4 4. Nxd4 d5 5. Bb5 dxe4 6. Nxc6 Qxd1+ 7. Kxd1 a6
8. Ba4 Bd7 9. Nc3 Bxc6 10. Bxc6+ bxc6 11. Nxe4 e5 12. c3 f5 13. Ng3 g6 14. Re1
O-O-O+ 15. Kc2 e4 16. Bg5 Re8 17. f3 Bd6 18. fxe4 Bxg3 19. hxg3 fxe4 20. Rad1 h6
21. Be3 Re6 22. Rd4 Nf6 23. Ra4 Nd5 24. Bd4 Rd8 25. Bc5 e3 26. c4 Nc7 27. Rxe3
Rde8 28. Raa3 h5 29. Rad3 Rxe3 30. Rxe3 Rxe3 31. Bxe3 Kd7 32. Kd3 Ne8 33. Bf4
Ng7 34. Ke4 Ke6 35. b4 Nf5 36. a4 g5 37. Bxg5 Nxg3+ 38. Kd4 c5+ 39. bxc5 Ne2+
40. Kd3 Ng3 41. c6 Nf5 42. c7 Kd7 43. Bf4 Nh4 44. g3 Ng6 45. Ke4 h4 46. g4 h3
47. Bd6 Nh4 48. c5 a5 49. Ke3 Kc8 50. Kf2 1-0

[Event "Amplico ch-EUR Rapid"]
[Site "Warsaw POL"]
[Date "2012.12.15"]
[Round "6.42"]
[White "Rjabzev, Konstantin"]
[Black "Akesson, Ralf"]
[Result "0-1"]
[WhiteTitle "IM"]
[BlackTitle "GM"]
[WhiteElo "2287"]
[BlackElo "2441"]
[WhiteFideId "4150015"]
[BlackFideId "1700120"]
[EventDate "2012.12.15"]

1. e4 c5 2. Nf3 e6 3. d4 cxd4 4. Nxd4 Nc6 5. Nxc6 bxc6 6. Nc3 d5 7. Bd3 Nf6 8.
Qe2 Be7 9. O-O O-O 10. Rd1 Nd7 11. exd5 cxd5 12. Qh5 Nf6 13. Qh3 g6 14. Bh6 Re8
15. Bb5 Bd7 16. a4 a6 17. Bxd7 Qxd7 18. a5 Rab8 19. Na4 Qb5 20. Bd2 Ne4 21. Be1
Bb4 22. f3 Bxe1 23. fxe4 Bxa5 24. exd5 exd5 25. Qd3 Re2 26. Qxd5 Re1+ 27. Kf2
Qf1+ 28. Kg3 Bc7+ 29. Kh3 Re3+ 0-1